000 00585nam a2200193Ia 4500
003 GCL
008 140319s9999 xx 000 0 ara d
040 _aGCL /
_cGCL
082 0 4 _a819.9
_bع ب
100 1 _aعباس محمود العقاد
245 1 0 _aجحا الضاحك المضحك /
_cعباس محمود العقاد
260 _a[S.N] :
_bدار نهضة مصر للطبع والنشر
300 _a149
490 _a
650 0 4 _aالاهاجى والفكاهات
650 0 4 _aالنوادرالعربية
650 0 4 _aالادب الشعبى
942 _2ddc
_cBK
999 _c54591
_d54591